[Event "15th HZ Open"]
[Site "Vlissingen NED"]
[Date "2011.07.31"]
[Round "3"]
[White "Van Eijk,S"]
[Black "Kluger,C"]
[Result "1-0"]
[WhiteElo "2380"]
[BlackElo "2077"]

1.e4 g6 2.d4 d6 3.Nc3 Bg7 4.Nf3 a6 5.a4 b6 6.Bc4 e6 7.Bg5 Ne7 8.Qd2 h6 9.Be3 Bb7
10.Bb3 Nd7 11.O-O Nf6 12.Qd3 O-O 13.Rad1 Rc8 14.d5 e5 15.Ne1 Nd7 16.Bc4 Ra8
17.Qd2 Kh7 18.f3 Bc8 19.a5 f5 20.axb6 Nxb6 21.Bd3 f4 22.Bf2 Bd7 23.Qe2 Qc8
24.Ra1 a5 25.Bb5 Rd8 26.Bxd7 Nxd7 27.Qb5 c6 28.dxc6 Nxc6 29.Nd3 Rb8 30.Qa4 Nf6
31.Qa2 Qb7 32.Nd5 Nxd5 33.Qxd5 Qb5 34.c4 Qb7 35.Rfb1 Qc7 36.b3 Rb7 37.Nc1 Ra8
38.Qd2 Qb8 39.Qc2 a4 40.bxa4  1-0

[Event "16th Creon Open"]
[Site "Creon FRA"]
[Date "2011.08.01"]
[Round "1.1"]
[White "Solodovnichenko,Y"]
[Black "Jaureguiberry,C"]
[Result "1-0"]
[WhiteElo "2615"]
[BlackElo "2132"]

1.e4 g6 2.d4 Bg7 3.Nc3 d6 4.Be3 Nf6 5.Qd2 c6 6.Bh6 Bxh6 7.Qxh6 Qb6 8.O-O-O Be6
9.f3 Na6 10.g4 O-O-O 11.Nge2 Kb8 12.g5 Nh5 13.Ng3 Nxg3 14.hxg3 d5 15.exd5 cxd5
16.a3 Rc8 17.Qg7 Rhd8 18.Bh3 Bxh3 19.Rxh3 Qe6 20.Qe5+ Qxe5 21.dxe5 d4 22.Ne4 Nc5
23.Nxc5 Rxc5 24.f4 f6 25.Rxh7 fxg5 26.Rxe7 gxf4 27.gxf4 d3 28.Rd2 Rxc2+ 29.Rxc2 dxc2
30.Rg7 Rf8 31.e6 Kc8 32.Kxc2  1-0

[Event "50th World Juniors"]
[Site "Chennai IND"]
[Date "2011.08.02"]
[Round "2.40"]
[White "Praneeth,S"]
[Black "Sochacki,W"]
[Result "1/2-1/2"]
[WhiteElo "2036"]
[BlackElo "2316"]

1.e4 g6 2.d4 Bg7 3.Nc3 d6 4.f4 a6 5.Nf3 b5 6.Bd3 Bb7 7.Qe2 c5 8.dxc5 dxc5
9.e5 Nh6 10.a4 b4 11.Ne4 Qb6 12.Be3 Nd7 13.Nfd2 Nf5 14.Nc4 Qc7 15.Bf2 O-O
16.c3 bxc3 17.bxc3 Bd5 18.O-O f6 19.e6 Bxe6 20.Ng3 Bf7 21.Nxf5 gxf5 22.Qxe7 Rfe8
23.Qd6 Qa7 24.Qc6 Rac8 25.Qf3 Qc7 26.Ne3 c4 27.Bxf5 Rb8 28.Qh3 Nf8 29.Qf3 Rb3
30.Bc2 Rxc3 31.Nd5 Bxd5 32.Qxc3 Re2 33.Bd1 f5 34.Qg3 Re6 35.Bh5 Rh6 36.Rad1 Be4
37.Bf3 Bd3 38.Bd5+ Kh8 39.Rxd3 cxd3 40.Qxd3 Qxf4 41.Bg3 Qxa4 42.Rxf5 Rf6
43.Rxf6 Bxf6 44.h4 Qd4+ 45.Qxd4 Bxd4+ 46.Kf1 Kg7 47.Ke2 Kf6 48.Kd3 Be5 49.Be1 Nd7
50.Bc4 Nc5+  1/2-1/2

[Event "98th ch-GBR"]
[Site "Sheffield ENG"]
[Date "2011.08.02"]
[Round "8.32"]
[White "Sreeves,C"]
[Black "McKenna,Jas"]
[Result "1-0"]
[WhiteElo "2169"]
[BlackElo "2098"]

1.e4 g6 2.d4 Bg7 3.Nc3 d6 4.Nf3 Nf6 5.h3 O-O 6.Be3 a6 7.a4 d5 8.e5 Ne4 9.Bd3 Nxc3
10.bxc3 c5 11.h4 Bg4 12.h5 e6 13.Qd2 Nc6 14.Bh6 Qc7 15.Bxg7 Kxg7 16.hxg6 fxg6
17.Qh6+ Kg8 18.Bxg6 hxg6 19.Qh8+ Kf7 20.Qh7+  1-0

[Event "Tabor Open"]
[Site "Tabor CZE"]
[Date "2011.08.02"]
[Round "4.20"]
[White "Popelka,O"]
[Black "Krbusik,M"]
[Result "1-0"]
[WhiteElo "2119"]
[BlackElo "1991"]

1.e4 d6 2.d4 g6 3.Nc3 Bg7 4.f4 e6 5.Nf3 Ne7 6.Be3 c6 7.Qd2 b5 8.Bd3 a5 9.O-O O-O
10.e5 d5 11.g4 b4 12.Ne2 Ba6 13.Ng3 Bxd3 14.Qxd3 Qc8 15.f5 exf5 16.gxf5 f6
17.exf6 Bxf6 18.Bh6 Bg7 19.Bxg7 Kxg7 20.fxg6 Nxg6 21.Ng5 Ra7 22.Rxf8 Nxf8
23.Rf1 Kg8 24.Nf5 Qe8 25.Nh6+ Kg7 26.Nf5+ Kg8 27.Qg3 Ng6 28.h4 h5 29.Re1 Qf8
30.Re6 Qxf5 31.Rxg6+ Qxg6 32.Qxb8+  1-0

[Event "Politiken Cup"]
[Site "Helsingor DEN"]
[Date "2011.08.03"]
[Round "6.45"]
[White "Taksrud,V"]
[Black "Bach,Mat"]
[Result "0-1"]
[WhiteElo "2074"]
[BlackElo "2307"]

1.Nc3 d6 2.d4 g6 3.e4 Bg7 4.Be3 Nd7 5.Bc4 a6 6.f4 b5 7.Bb3 e6 8.a4 b4 9.Na2 Bb7
10.Nf3 Bxe4 11.O-O a5 12.Ng5 Ngf6 13.Nxe4 Nxe4 14.d5 e5 15.f5 Nec5 16.Bc4 O-O
17.Bb5 Qh4 18.Bc6 Rab8 19.b3 gxf5 20.Rxf5 Qe4 21.Rf3 f5 22.Nc1 f4 23.Bf2 Qg6
24.Ne2 e4 25.Nxf4 Qf6 26.Rg3 Qxf4 27.Be3 Qf6 28.Rb1 Rf7 29.Qg4 Ne5 30.Qh5 Rbf8
31.Bb5 Ng6 32.Rh3 h6 33.Rg3 Nf4 34.Qd1 Qf5 35.Bc4 Kh7 36.Rg4 Be5 37.h3 h5
38.Rh4 Qg5 39.Rxf4 Bxf4 40.Bxc5  0-1

[Event "Politiken Cup"]
[Site "Helsingor DEN"]
[Date "2011.08.03"]
[Round "6.82"]
[White "Hyldkrog,L"]
[Black "Randlov,Carsten"]
[Result "1-0"]
[WhiteElo "2038"]
[BlackElo "1872"]

1.e4 g6 2.d4 d6 3.Nc3 Bg7 4.f4 c6 5.Nf3 Bg4 6.Be3 Nd7 7.Bc4 e6 8.O-O d5 9.Bd3 dxe4
10.Nxe4 Qc7 11.c3 Ngf6 12.Neg5 h6 13.Ne4 Nxe4 14.Bxe4 Nf6 15.Bc2 Nd5 16.Qd2 Bxf3
17.Rxf3 Nxe3 18.Qxe3 O-O 19.Raf1 Rad8 20.Rg3 Kh7 21.Rff3 Rd6 22.Rg4 Qd7 23.h4 f5
24.Rgg3 Rxd4 25.h5 Rd2 26.Bb3 Rf6 27.Rxg6 Rxg6 28.hxg6+ Kxg6 29.Bxe6 Qd6
30.Rg3+ Kf6 31.Bxf5 Kxf5 32.Rxg7 Rd1+ 33.Kh2 Qxf4+ 34.Qxf4+ Kxf4 35.Rxb7 Rd2
36.a4 Ke5 37.a5 Rc2 38.a6 Kd5 39.Kh3 c5 40.g3 Re2 41.Kh4 Re5 42.Rxa7 Re6
43.Rd7+ Kc6 44.a7 Re4+ 45.Kh5 Ra4 46.Rh7 Kb6  1-0

[Event "20th Kavala Open"]
[Site "Kavala GRE"]
[Date "2011.08.03"]
[Round "6"]
[White "Socko,M"]
[Black "Tchantcev,C"]
[Result "1-0"]
[WhiteElo "2490"]
[BlackElo "2283"]

1.e4 d6 2.d4 g6 3.Nc3 Bg7 4.Be3 c6 5.a4 Nf6 6.h3 Nbd7 7.g4 Qa5 8.Bg2 Nb6
9.Ne2 d5 10.e5 Ne4 11.O-O Nxc3 12.Nxc3 Nc4 13.Bc1 h5 14.g5 Bf5 15.Ne2 h4
16.b3 Nb6 17.Bd2 Qa6 18.Nf4 Nd7 19.a5 e6 20.b4 b6 21.Bf3 Qb7 22.c4 b5 23.cxb5 cxb5
24.Bg4 Rc8 25.Bxf5 gxf5 26.Rc1 Rc4 27.Rxc4 bxc4 28.Kh2 Qb5 29.Rg1 Nf8 30.g6 fxg6
31.Nxg6 Rh7 32.Qf3 Nxg6 33.Rxg6 Kf7 34.Qg2 c3 35.Bxc3 Qc6 36.Bd2 Qc2 37.Rxe6 f4
38.Qxd5 Qxd2 39.Rf6+ Ke7 40.Qd6+ Ke8 41.Qc6+ Ke7 42.Qc7+  1-0

[Event "98th ch-GBR"]
[Site "Sheffield ENG"]
[Date "2011.08.03"]
[Round "9.16"]
[White "Adair,J"]
[Black "MacQueen,C"]
[Result "1-0"]
[WhiteElo "2212"]
[BlackElo "2139"]

1.e4 d6 2.d4 g6 3.Nc3 Bg7 4.f4 Nf6 5.Nf3 O-O 6.Bd3 Na6 7.O-O c5 8.d5 e6 9.dxe6 fxe6
10.Bc4 Nc7 11.e5 dxe5 12.Qxd8 Rxd8 13.fxe5 Ng4 14.Bg5 Rd7 15.Rfe1 b6 16.Nb5 Nxb5
17.Bxb5 Rf7 18.h3 Nh6 19.Be8 Rf5 20.g4 Rxf3 21.Bc6 Rxh3 22.Kg2 Rb8 23.Kxh3 Nf7
24.Bf4 g5 25.Bg3 Bb7 26.Bxb7 Rxb7 27.Rad1 h6 28.Rd3 c4 29.Rd4 Rc7 30.Red1 Rc5
31.Rd7 Bxe5 32.Bxe5 Rxe5 33.Rxa7 Re3+ 34.Kg2 Re4 35.Kf3 Rf4+ 36.Kg3 Kg7 37.Rdd7 Kg6
38.Re7 e5 39.Re6+ Kg7 40.Rxe5 Kf6 41.Rb5 Rf1 42.Rxb6+ Ke5 43.Rd7 Rf4 44.Rd1 Re4
45.a4 c3 46.bxc3 Rxa4 47.Rf1 Ra7 48.Rf5+ Ke4 49.Re6+  1-0

[Event "98th ch-GBR"]
[Site "Sheffield ENG"]
[Date "2011.08.03"]
[Round "9.20"]
[White "Lalic,S"]
[Black "Jackson,J"]
[Result "1-0"]
[WhiteElo "2277"]
[BlackElo "2157"]

1.e4 g6 2.d4 Bg7 3.Nc3 d6 4.Be3 a6 5.Qd2 b5 6.Bd3 Bb7 7.a4 b4 8.Nce2 a5 9.Nf3 Nd7
10.Ng3 c5 11.c3 Rc8 12.Bb5 cxd4 13.cxd4 h5 14.Ng5 Kf8 15.h4 Ngf6 16.O-O Ng4
17.Rad1 Kg8 18.e5 Nf8 19.Qe2 dxe5 20.dxe5 Qc7 21.e6 f5 22.Rd7 Qb8 23.Rxe7 Be5
24.Rxb7 Qxb7 25.Ba6 Qe7 26.Bxc8 f4 27.Bxf4 Bxf4 28.Qf3 Be5 29.Qf7+ Qxf7 30.Nxf7 Rh7
31.Nxe5 Nxe5 32.Re1 Nc6 33.Ne4 Rc7 34.Nf6+ Kh8 35.Ba6 Ne7 36.b3 Rc6 37.Bc4 Rc5
38.Nd5 Rxd5 39.Bxd5 Kg7 40.Bc4 Kf6 41.f4 Nc6 42.Kf2 Ke7 43.g4 Nh7 44.Kg3 Nf6
45.gxh5 gxh5 46.f5 Ne8 47.Kf4 Kf6 48.Bb5  1-0

[Event "Tabor Open"]
[Site "Tabor CZE"]
[Date "2011.08.04"]
[Round "6.2"]
[White "Talla,V"]
[Black "Michalek,J"]
[Result "1/2-1/2"]
[WhiteElo "2427"]
[BlackElo "2322"]

1.e4 g6 2.d4 Bg7 3.Nc3 d6 4.f4 Nc6 5.Be3 Nf6 6.Be2 O-O 7.Nf3 e6 8.h3 b6 9.O-O Ne7
10.Nd2 c5 11.Bf3 cxd4 12.Bxd4 e5  1/2-1/2

[Event "Stilwerk Masters"]
[Site "Vienna AUT"]
[Date "2011.08.04"]
[Round "2"]
[White "Froewis,G"]
[Black "Ootes,La"]
[Result "1-0"]
[WhiteElo "2329"]
[BlackElo "2376"]

1.e4 d6 2.d4 g6 3.Nc3 Bg7 4.f4 Nf6 5.Nf3 c5 6.Bb5+ Bd7 7.e5 Ng4 8.Bxd7+ Qxd7
9.d5 dxe5 10.h3 e4 11.hxg4 exf3 12.Qxf3 Na6 13.Bd2 O-O-O 14.O-O-O Nc7 15.Be1 f5
16.gxf5 Qxf5 17.Qh3 h5 18.Bh4 Bxc3 19.Qxc3 Nxd5 20.Qxc5+ Kb8 21.Kb1 Rd7 22.g4 Qxg4
23.Rdg1 Qf5 24.Rg5 Qf7 25.Bg3 Ka8 26.f5 gxf5 27.Rgxh5 Rhd8 28.Rh8 Nb6 29.Rxd8+ Rxd8
30.Bc7 Qh5 31.Qg1 Qe8 32.Bxd8 Qxd8 33.Qg5 Nc8 34.Qxf5 Qc7 35.a3 Kb8 36.Re1 Qd6
37.Qe4 Kc7 38.Qe3 Kb8 39.Qf2 Kc7 40.Qf3 Kb8 41.Rd1 Qe5 42.Qh1 Qc7 43.Rd2 Qe5
44.Qh2 Qxh2 45.Rxh2 Kc7 46.c4 Nd6 47.b3 Kc6 48.Re2 Nc8 49.Kb2 Kd6 50.Rd2+ Kc6
51.Re2 Kd6 52.b4 Kc6 53.Kc3 Kd6 54.Rg2 Kc6 55.Rg6+ Kd7 56.c5 Kc7 57.Kc4 Kd7
58.Kd5 a6 59.a4 Na7 60.Rb6 Kc7 61.b5 axb5 62.axb5 Nc8 63.Rh6 b6 64.Rc6+ Kb7
65.Rxc8 Kxc8 66.c6 Kc7 67.Ke6 Kd8 68.c7+ Kc8 69.Kxe7 Kxc7 70.Ke6 Kc8 71.Kd6 Kb7
72.Kd7 Ka8 73.Kc7 Ka7 74.Kc6 Ka8 75.Kxb6 Kb8 76.Ka6 Ka8 77.b6 Kb8 78.b7  1-0

[Event "98th ch-GBR"]
[Site "Sheffield ENG"]
[Date "2011.08.05"]
[Round "11.17"]
[White "Lalic,S"]
[Black "Boyd,J"]
[Result "1/2-1/2"]
[WhiteElo "2277"]
[BlackElo "2200"]

1.e4 g6 2.d4 Bg7 3.Nc3 d6 4.Be3 a6 5.Qd2 Nd7 6.Nf3 b5 7.a4 b4 8.Ne2 c5 9.Ng3 Bb7
10.Bd3 Ngf6 11.Bh6 Bxh6 12.Qxh6 cxd4 13.O-O e5 14.a5 Nc5 15.Rfe1 Qe7 16.Bc4 Ncxe4
17.Nxe4 Nxe4 18.Nxd4 Qg5 19.Qxg5 Nxg5 20.f4 Ne4 21.Bd3 f5 22.fxe5 dxe5 23.Nf3 O-O-O
24.Nxe5 Rd4 25.Nf3 Rd6 26.Bxe4 fxe4 27.Ne5 Rd2 28.Rac1 e3 29.Nf3 Bxf3 30.gxf3 Re8
31.b3 Rf2 32.Rxe3 Rxe3 33.Kxf2 Rc3 34.Kg3 Kc7 35.Re1 Rxc2 36.Re6 Rc6 37.Re7+ Kd6
38.Rxh7 Ke5 39.Rb7 Rc5 40.Rxb4 Rxa5 41.Kg4 Kf6 42.Rb6+ Kg7 43.Rb4 Kh6 44.h4 Rf5
45.Rb6 a5 46.Re6 Rb5 47.Ra6 Rf5 48.f4 Rb5 49.Re6 Kg7 50.Re3 Kh6 51.Kf3 Kg7
52.Rd3 Kf6 53.Kg4  1/2-1/2

[Event "Tabor Open"]
[Site "Tabor CZE"]
[Date "2011.08.05"]
[Round "7.39"]
[White "Kopecky,Jiri1"]
[Black "Vacek,Josef"]
[Result "1/2-1/2"]
[WhiteElo "1968"]
[BlackElo "1697"]

1.e4 g6 2.d4 d6 3.Nc3 Bg7 4.Be3 c6 5.Be2 Qa5 6.Qd2 Nd7 7.Nf3 Ngf6 8.h3 b5
9.a3 b4 10.Nd1 Nxe4 11.Qxb4 Qc7 12.O-O a5 13.Qe1 O-O 14.Nd2 Ndf6 15.Nxe4 Nxe4
16.Bd3 f5 17.f3 Nf6 18.Qd2 Nh5 19.Re1 d5 20.c3 e5 21.dxe5 Bxe5 22.Bf2 Bh2+
23.Kh1 Ng3+ 24.Bxg3 Bxg3 25.Re2 f4 26.Nf2 Bd7 27.Re7 Qd6 28.Rae1 Rf6 29.Bc2 Be6
30.Rb7 Qc5 31.Nd3 Bxe1 32.Nxe1 Qe3 33.Qd1 Bc8 34.Rb3 Ba6 35.Bd3 Bxd3 36.Nxd3 Re8
37.Rb7 Rfe6 38.b4 axb4 39.cxb4 Qe2 40.Qxe2 Rxe2 41.Nxf4 Ra2 42.Rc7 Re1+ 43.Kh2 Rxa3
44.Rxc6 d4 45.Rd6 g5 46.Nd5 d3 47.Nf6+ Kg7 48.Ne4 Re2 49.Nxg5 Raa2 50.Ne6+ Kf7
51.Nf4 Red2 52.Rxd3 Rxd3 53.Nxd3 Rd2 54.Nc5 Rc2 55.Kg3 Rc4 56.Nd3 Rd4 57.Ne5+ Ke6
58.f4 Rxb4 59.Kg4 Rb2 60.g3 Rb8 61.Nf3 Rg8+ 62.Ng5+ Kf6 63.Kf3 Kg6 64.Ne4 Ra8
65.Kg4 Ra4 66.f5+ Kg7 67.Kf4 Ra1 68.g4 Rf1+ 69.Ke5 Rh1  1/2-1/2

[Event "Tabor Open"]
[Site "Tabor CZE"]
[Date "2011.08.05"]
[Round "7.5"]
[White "Havlik,Ja1"]
[Black "Civin,T"]
[Result "1-0"]
[WhiteElo "2315"]
[BlackElo "2425"]

1.e4 g6 2.d4 Bg7 3.Nc3 d6 4.Be3 a6 5.Qd2 b5 6.h4 h5 7.Nf3 Nf6 8.Ng5 Ng4 9.Be2 Nxe3
10.fxe3 Nd7 11.O-O-O Nf6 12.e5 Ng4 13.Bf3 Rb8 14.e6 Bxe6 15.Nxe6 fxe6 16.Bxg4 hxg4
17.Qe2 Kd7 18.Qxg4 Qg8 19.Kb1 Rf8 20.a4 bxa4 21.Nxa4 Rf5 22.e4 Ra5 23.Nc3 Rah5
24.g3 g5 25.Qe2 gxh4 26.Rxh4 Rxh4 27.gxh4 Rxh4 28.Qxa6 Qb8 29.Rg1 Bf6 30.e5 dxe5
31.Na4 c6 32.Nc5+ Kd6 33.Qa3 Kd5 34.c4+ Kxc4 35.Rc1+ Kd5 36.Qa2+ Kxd4 37.Qc4+ Ke3
38.Qd3+  1-0

[Event "Tabor Open"]
[Site "Tabor CZE"]
[Date "2011.08.05"]
[Round "7.14"]
[White "Jacek,Mi"]
[Black "Meszaros,Lu"]
[Result "0-1"]
[WhiteElo "2045"]
[BlackElo "2170"]

1.e4 g6 2.d4 Bg7 3.Nc3 d6 4.Be3 c6 5.f4 Qb6 6.Qd2 Nf6 7.h3 Qxb2 8.Rb1 Qa3
9.Bd3 O-O 10.Nf3 Nbd7 11.O-O Qa5 12.f5 b5 13.e5 dxe5 14.dxe5 b4 15.Ne2 Nxe5
16.Nxe5 Qxe5 17.fxg6 hxg6 18.Rxb4 Qa5 19.Rc4 Qxd2 20.Bxd2 Bd7 21.Nd4 Rfc8
22.Nb3 Be6 23.Ra4 Nd5 24.Ba6 Rc7 25.Nc5 Bf5 26.Nd3 c5 27.Ba5 Nb6 28.g4 Bc8
29.Bc4 Bd4+ 30.Kh2 Nxc4 31.Bxc7 Ne3 32.Re1 Bd7 33.Ra3 Nxc2 34.Rxe7 Nxa3 35.Rxd7 Re8
36.Bd6 Re2+ 37.Kh1 c4 38.Bxa3 cxd3 39.Rxd4 d2 40.Bb2 Re1+ 41.Kg2 d1=Q  0-1

[Event "ITT Ciudad de Villa Martelli"]
[Site "Villa Martelli ARG"]
[Date "2011.08.05"]
[Round "5"]
[White "Della Morte,P"]
[Black "Liascovich,L"]
[Result "1/2-1/2"]
[WhiteElo "2319"]
[BlackElo "2428"]

1.e4 g6 2.d4 Bg7 3.Nc3 d6 4.Be3 a6 5.Qd2 b5 6.f3 Bb7 7.a4 b4 8.Nd1 a5 9.c3 bxc3
10.bxc3 Nd7 11.Bd3 e5 12.Ne2 Ngf6 13.Rb1 Ba6  1/2-1/2

[Event "Politiken Cup"]
[Site "Helsingor DEN"]
[Date "2011.08.06"]
[Round "9.37"]
[White "Skovgaard,Pe2"]
[Black "Nielsen,PE2"]
[Result "1-0"]
[WhiteElo "2288"]
[BlackElo "2083"]

1.e4 g6 2.d4 Bg7 3.Nc3 d6 4.f4 Nd7 5.Nf3 c6 6.Bd3 Qc7 7.O-O e5 8.dxe5 dxe5
9.f5 Nc5 10.Bc4 b5 11.Be3 Bf8 12.fxg6 hxg6 13.Bxf7+ Qxf7 14.Nxe5 Qe6 15.Rxf8+ Kxf8
16.Bxc5+ Ke8 17.Qd4 Rh5 18.Rd1 Bb7 19.Nd7 Rd8 20.Qg7 Qf7 21.Nf6+ Qxf6 22.Qxg8+  1-0

[Event "Politiken Cup"]
[Site "Helsingor DEN"]
[Date "2011.08.06"]
[Round "9.48"]
[White "Burmeister,R"]
[Black "Hvenekilde,J"]
[Result "1-0"]
[WhiteElo "2298"]
[BlackElo "2089"]

1.e4 d6 2.d4 g6 3.Nc3 Bg7 4.Be3 a6 5.h3 Nd7 6.a4 b6 7.Qd2 Bb7 8.Bd3 h6 9.Nf3 e6
10.O-O Ne7 11.Rfe1 c5 12.Rad1 Qc7 13.d5 e5 14.b3 Rd8 15.Ra1 Nb8 16.Rab1 Bc8
17.Nh2 g5 18.Nf1 Ng6 19.Ng3 Nf4 20.Be2 h5 21.Nf5 Bf6 22.Bf1 h4 23.g3 hxg3
24.fxg3 Nxh3+ 25.Bxh3 Rxh3 26.Kg2 Bxf5 27.exf5 Rh8 28.Ne4 Qe7 29.b4 Nd7 30.a5 cxb4
31.axb6 a5 32.Qd3 Kf8 33.Qa6 Kg7 34.Qxa5 Rc8 35.Re2 Nc5 36.Qxb4 Nxe4 37.Qxe4 Rb8
38.c4 Qe8 39.Ra2 Qg8 40.Raa1 Rb7 41.Qg4 Bd8 42.Bxg5 Kf8 43.Ra8 Rd7 44.Bh6+  1-0

[Event "7th Gazi-Heraklion Open"]
[Site "Heraklion GER"]
[Date "2011.08.06"]
[Round "1"]
[White "Kadianis,Iakovos"]
[Black "Tsilidis,A"]
[Result "0-1"]
[WhiteElo "1849"]
[BlackElo "2278"]

1.e4 g6 2.d4 Bg7 3.Nc3 d6 4.Be3 Nf6 5.Bc4 O-O 6.f3 c6 7.a4 d5 8.Bb3 dxe4
9.Nxe4 Nd5 10.Bxd5 cxd5 11.Nc5 Nc6 12.Ne2 e5 13.O-O exd4 14.Nxd4 Ne5 15.c3 b6
16.Nd3 Nc4 17.Re1 Bb7 18.Qc1 Re8 19.Bf2 Qd7 20.Qf4 Ba6 21.Nb4 Bb7 22.Rab1 Ne5
23.Qd2 Qxa4 24.Nd3 Qd7 25.Bg3 Nc4 26.Qf2 f6 27.Nf4 Ne5 28.Qc2 a5 29.Rbd1 Qf7
30.Nd3 Rac8 31.Nb5 Qd7 32.Nxe5 fxe5 33.Qb3 Rc5 34.Na3 a4 35.Qxb6 Bf8 36.Bxe5 Re6
37.Qb4 d4 38.Qxd4 Rd5 39.Qf4 Rxd1 40.Qg3 Bc5+  0-1

[Event "9th ch-EU Youth U14"]
[Site "Mureck AUT"]
[Date "2011.08.06"]
[Round "4"]
[White "Hofer,Emilian"]
[Black "He,Ben"]
[Result "1/2-1/2"]
[WhiteElo "1886"]
[BlackElo "1698"]

1.e4 d6 2.d4 g6 3.Nc3 Bg7 4.f4 Nf6 5.Nf3 Bg4 6.Bd3 c6 7.h3 Bxf3 8.Qxf3 O-O
9.O-O e5 10.Be3 Nbd7 11.Rad1 Qc7 12.Qf2 Nh5 13.dxe5 dxe5 14.f5 gxf5 15.exf5 Nhf6
16.g4 Nd5 17.Nxd5 cxd5 18.c3 f6 19.Bc2 Nb6 20.Bxb6 Qxb6 21.Qxb6 axb6 22.Bb3 Kf7
23.Rxd5 Ke7 24.Rb5 Bh6 25.Re1 Ra6 26.a3 Rd8 27.Rd1 Rxd1+ 28.Bxd1 Be3+ 29.Kg2 Ra5
30.Be2 Rxb5 31.Bxb5 Bc1 32.b3 Bxa3 33.Bd3 Bb2 34.c4 b5 35.cxb5  1/2-1/2

[Event "Winsoft Cup IM1"]
[Site "Olomouc CZE"]
[Date "2011.08.06"]
[Round "4"]
[White "Stachanczyk,J"]
[Black "Moritz,A"]
[Result "1-0"]
[WhiteElo "2328"]
[BlackElo "2091"]

1.e4 g6 2.d4 Bg7 3.Nc3 d6 4.f4 a6 5.Nf3 b5 6.Bd3 Bb7 7.Qe2 Nd7 8.e5 e6 9.Ne4 Nb6
10.O-O Ne7 11.b3 O-O 12.Bd2 Nf5 13.Qf2 Qe7 14.g4 Nh6 15.Nf6+ Kh8 16.Qh4 Qd8
17.g5 dxe5 18.fxe5 Bxf6 19.gxf6 Bxf3 20.Rxf3 Nf5 21.Bxf5 exf5 22.Rh3 h5 23.Qf4  1-0

[Event "Stilwerk Masters"]
[Site "Vienna AUT"]
[Date "2011.08.06"]
[Round "4"]
[White "Feuerstack,A"]
[Black "Ootes,La"]
[Result "0-1"]
[WhiteElo "2421"]
[BlackElo "2376"]

1.e4 d6 2.d4 g6 3.Nc3 Bg7 4.Bg5 Nf6 5.Qd2 c6 6.Bd3 b5 7.O-O-O O-O 8.Kb1 Nbd7
9.h4 b4 10.Nce2 c5 11.f3 Qc7 12.dxc5 dxc5 13.c4 Ne5 14.Nf4 Rd8 15.Bxf6 Nxc4
16.Qc1 Bxf6 17.Bxc4 Rxd1 18.Qxd1 Qxf4 19.Bd5 Rb8 20.Ne2 Qe3 21.Nc1 Ba6 22.Qb3 Qxb3
23.axb3 e6 24.Bc4 Bxc4 25.bxc4 b3 26.Rd1 Rb4 27.Rd7 a5 28.Rc7 Bd4 29.Ne2 Be3
30.Rd7 a4 31.Rd3 Bf2 32.h5 Rxc4 33.h6 Kf8 34.Rd8+ Ke7 35.Rh8 Rc2  0-1

[Event "15th HZ Open"]
[Site "Vlissingen NED"]
[Date "2011.08.06"]
[Round "9"]
[White "Van Dooren,D"]
[Black "Both,E"]
[Result "1-0"]
[WhiteElo "2290"]
[BlackElo "2147"]

1.e4 g6 2.d4 Bg7 3.Nc3 d6 4.Be3 a6 5.Bd3 b5 6.Nce2 Nd7 7.Qd2 c5 8.c3 Qc7
9.b3 Bb7 10.f3 Rc8 11.Nh3 e6 12.O-O h6 13.Nf2 Ne7 14.Rac1 e5 15.Bb1 c4 16.f4 f5
17.Ng3 exf4 18.Bxf4 g5 19.Nh5 Rg8 20.exf5 gxf4 21.Nxf4 Bf6 22.Rfe1 Bg5 23.N2h3 Nf6
24.Nxg5 hxg5 25.Ng6 Rg7 26.Qxg5 Kf7 27.Qe3 Nxf5 28.Qe6+ Kxg6 29.Qxf5+ Kf7
30.Qe6+ Kf8 31.Qxf6+ Kg8 32.Be4 cxb3 33.axb3 d5 34.Qe6+ Qf7 35.Bxd5 Bxd5
36.Qxc8+ Kh7 37.Qh3+ Kg8 38.Rc2 Bxb3 39.Rce2  1-0

[Event "Arad Open A"]
[Site "Arad ROU"]
[Date "2011.08.07"]
[Round "4"]
[White "Ardeleanu,A"]
[Black "Samu,S"]
[Result "1-0"]
[WhiteElo "2394"]
[BlackElo "2178"]

1.e4 g6 2.d4 Bg7 3.Nc3 d6 4.Be3 c6 5.a4 Nf6 6.h3 O-O 7.Nf3 Qa5 8.Nd2 Nbd7
9.Be2 e5 10.dxe5 dxe5 11.Nc4 Qc7 12.Qd6 Ne8 13.Qxc7 Nxc7 14.Nd6 Ne6 15.Bg4 Nf6
16.Nxc8 Rfxc8 17.Bxe6 fxe6 18.O-O-O a6 19.a5 Rc7 20.Rd3 Bf8 21.Rhd1 Bb4 22.Na2 Bf8
23.f3 h6 24.Nc3 Kf7 25.Na4 Re8 26.Nb6 Nh5 27.Nc4 Kf6 28.R3d2 g5 29.h4 Nf4
30.hxg5+ hxg5 31.Nxe5 Bb4 32.c3 Be7 33.g3 Nh5 34.Rh2 Nxg3 35.Bd4 Rd8 36.Nxc6+ Rxd4
37.Nxd4 Bd6 38.Rh6+ Kg7 39.Rxe6 Bf4+ 40.Kb1 Rf7 41.Nf5+ Nxf5 42.exf5 Rxf5
43.Rd7+ Kf8 44.Rxb7  1-0

[Event "Arad Open A"]
[Site "Arad ROU"]
[Date "2011.08.08"]
[Round "5.8"]
[White "Tomici,S"]
[Black "Drenchev,P"]
[Result "1/2-1/2"]
[WhiteElo "2118"]
[BlackElo "2523"]

1.e4 g6 2.d4 Bg7 3.Nc3 d6 4.Nf3 Nf6 5.Be2 O-O 6.O-O a6 7.a4 Nc6 8.h3 e5 9.dxe5 dxe5
10.Qxd8 Rxd8 11.Bg5 Re8 12.Bc4 h6 13.Be3 Nb4 14.Ne1 Nh5 15.Bc5 a5 16.Bxb4 axb4
17.Nd5 Be6 18.Nd3 Bxd5 19.Bxd5 c6 20.Bc4 Bf8 21.b3 Kg7 22.g4 Nf6 23.Rae1 Nd7
24.f4 Nb6 25.Nxe5 f6 26.Nd3 Nxc4 27.bxc4 Rxa4 28.e5 Raa8 29.Kg2 fxe5 30.fxe5 Be7
31.Rb1 c5 32.Ra1 Ra3 33.Rxa3 bxa3 34.Ra1 Ra8 35.Kf3 Ra4 36.Nf4 Kf7 37.e6+ Kf6
38.Re1 a2 39.Nd5+ Kg7 40.Ra1 Bd6 41.c3 g5 42.Ke3 Bf4+ 43.Kd3 Kf8 44.Kc2 Ra6
45.e7+ Ke8 46.Kb3 Bd6 47.Kb2  1/2-1/2

[Event "FSFMA2 August"]
[Site "Budapest HUN"]
[Date "2011.08.09"]
[Round "4"]
[White "Torok,T1"]
[Black "Zala,G"]
[Result "1-0"]
[WhiteElo "2059"]
[BlackElo "2021"]

1.e4 d6 2.d4 g6 3.Nc3 Bg7 4.Nf3 Nd7 5.Be2 e6 6.Bg5 Ne7 7.Qd2 h6 8.Be3 b6
9.O-O Bb7 10.Rad1 a6 11.Ne1 b5 12.a3 Nb6 13.b3 d5 14.e5 Nf5 15.Bf4 Bf8 16.Nb1 g5
17.Be3 Be7 18.f4 Rc8 19.g4 Nxe3 20.Qxe3 c5 21.c3 b4 22.axb4 cxb4 23.cxb4 Bxb4
24.f5 Rc6 25.Nd3 Bf8 26.Rc1 Qd7 27.Qd2 Nc8 28.Qa5 Be7 29.Rxc6 Bxc6 30.fxe6 Qxe6
31.Nc5 Bxc5 32.Qxc5 Ne7 33.h3 h5 34.Rf6 Qc8 35.Nc3 hxg4 36.Bxg4 Qb7 37.b4 Rg8
38.e6 Rf8 39.exf7+ Kd8 40.Rd6+  1-0

[Event "Cafe Atlantis Masters"]
[Site "Groningen NED"]
[Date "2011.08.09"]
[Round "2.5"]
[White "Afek,Y"]
[Black "Lambrechts,K"]
[Result "1-0"]
[WhiteElo "2298"]
[BlackElo "2255"]

1.e4 g6 2.d4 Bg7 3.Nc3 d6 4.Be3 a6 5.g3 Nc6 6.Bg2 e5 7.Nge2 Bg4 8.f3 Bd7
9.Qd2 exd4 10.Nxd4 Ne5 11.b3 h5 12.h3 Nc6 13.Nd5 Nce7 14.Nc3 Nc6 15.O-O Nxd4
16.Bxd4 Bxd4+ 17.Qxd4 Qf6 18.Qe3 Ne7 19.f4 Bc6 20.e5 Qe6 21.Ne4 Bxe4 22.Qxe4 d5
23.Qb4 O-O-O 24.Kh2 Nc6 25.Qa4 Na7 26.Rad1 Kb8 27.Qa5 h4 28.g4 c6 29.c4 d4
30.Qc5 Qd7 31.Rd3 Rhe8 32.Rfd1 Qc7 33.Rxd4 b6 34.Rxd8+ Rxd8 35.Rxd8+ Qxd8
36.Qf2 Kc7 37.g5 Nc8 38.Qxh4 Qd2 39.Qg3 Ne7 40.Qf3 Kd8 41.Kg1 Nf5 42.Qf2 Qc1+
43.Kh2 c5 44.Be4 Ne3 45.Kg3 Ke7 46.Kf3 Nd1 47.Qe1 a5 48.a4 Qa1 49.Bc2  1-0

[Event "4th Sabadell Open A"]
[Site "Sabadell ESP"]
[Date "2011.08.10"]
[Round "1"]
[White "Trujillo Villega,P"]
[Black "Almeida Quintana,O"]
[Result "0-1"]
[WhiteElo "2173"]
[BlackElo "2548"]

1.e4 g6 2.d4 Bg7 3.Nc3 d6 4.Bg5 Nd7 5.Qd2 a6 6.a4 c5 7.Nf3 Ngf6 8.Bh6 Bxh6
9.Qxh6 cxd4 10.Nxd4 Qb6 11.O-O-O Nc5 12.Qg7 Rf8 13.Bc4 Be6 14.Nxe6 Nxe6 15.Bxe6 fxe6
16.Rd2 Qa5 17.Re1 Qh5 18.e5 Rg8 19.g4 Qxh2 20.exf6 Rxg7 21.fxg7 Kf7 22.Ne4 Qf4  0-1

[Event "1st Radzikowskiej Mem"]
[Site "Warsaw POL"]
[Date "2011.08.10"]
[Round "6"]
[White "Kochetkova,J"]
[Black "Szczepkowska Horowska,K"]
[Result "1/2-1/2"]
[WhiteElo "2319"]
[BlackElo "2339"]

1.e4 g6 2.d4 Bg7 3.Nc3 d6 4.Be3 a6 5.f4 b5 6.Be2 Nd7 7.Bf3 e6 8.Nge2 Ne7
9.O-O Rb8 10.Ng3 Nb6 11.b3 d5 12.e5 h5 13.Qd2 h4 14.Nge2 Nf5 15.Nd1 Bf8 16.Bf2 Bb7
17.Ne3 Rc8 18.Ng4 Be7 19.Nc1 c5 20.dxc5 Bxc5 21.Bxc5 Rxc5 22.Nd3 Rc8 23.Nf6+ Kf8
24.Bg4 Kg7 25.Rad1 Qc7 26.Bxf5 exf5 27.Ne1 h3 28.Qd4 hxg2 29.Rf2 Qc5 30.Rxg2 Rh4
31.Nf3 Qxd4+ 32.Nxd4  1/2-1/2

[Event "Stilwerk Masters"]
[Site "Vienna AUT"]
[Date "2011.08.11"]
[Round "9"]
[White "Kopinits,A"]
[Black "Ootes,La"]
[Result "0-1"]
[WhiteElo "2265"]
[BlackElo "2376"]

1.e4 d6 2.d4 g6 3.Nc3 Bg7 4.Be3 Nf6 5.h3 O-O 6.Nf3 a6 7.Bd3 Nc6 8.Qd2 e5
9.dxe5 Nxe5 10.Nxe5 dxe5 11.O-O Be6 12.Na4 b6 13.Rfd1 Qc8 14.c4 Qb7 15.Qc2 Qc6
16.b4 Rfd8 17.c5 b5 18.Nc3 Qe8 19.a4 c6 20.Be2 Rxd1+ 21.Qxd1 Rd8 22.Qb1 Nh5
23.Bxh5 gxh5 24.axb5 axb5 25.Qc1 Bc4 26.Bh6 Bf6 27.Ra7 Qe6 28.Kh2 h4 29.Nd1 Bd3
30.f3 Qc4 31.Qe3 Qd4 32.Nf2 Qxe3 33.Bxe3 h5 34.Rc7 Bc4 35.Rxc6 Be7 36.Ra6 f6
37.Ra7 Kf7 38.Ra1 Ke6 39.Kg1 Be2 40.Re1 Bc4 41.Ra1 Be2 42.Ra6+ Kf7 43.Ra2 Bc4
44.Ra1 Be2 45.Nh1 Bc4 46.Bf2 f5 47.exf5 Rd3 48.Be1 Bg5 49.c6 Rd6 50.c7 Rc6
51.Bc3 Be3+ 52.Nf2 Bd3 53.Ra3 Rxc7 54.Bxe5 Rc1+ 55.Kh2 Bxf2 56.g4 hxg3+ 57.Bxg3 Bxg3+
58.Kxg3 Bxf5 59.Kh4 Rc4+ 60.Kxh5 Bxh3 61.Rb3 Kf6 62.f4 Bf5  0-1